| 000 | 00586nam a2200193 i 4500 | ||
|---|---|---|---|
| 001 | 133711 | ||
| 003 | ES-MaACL | ||
| 005 | 20230906194517.0 | ||
| 007 | t| | ||
| 008 | 070827s1947 it ||||1| ita d | ||
| 245 | 0 | 0 |
_aCalendario atlante De Agostini _b: 1948 / _credazione L. Visintin. |
| 260 |
_aNovara : _bIstituto geografico De Agostini, _c[1947] |
||
| 300 |
_a495 p. : _bil. ; _c16 cm. |
||
| 500 | _aEn la cubierta: año 44. | ||
| 700 | 1 |
_aVisintin, Luigi. _9199124 |
|
| 710 | 2 |
_aIstituto geografico De Agostini. _9173295 |
|
| 852 |
_aES-MaACL _jE-3865 |
||
| 999 |
_c133711 _d133711 |
||